Preliminary report on the incidence of tapping panel dryness in tissue culture plants of Heeva brasiliensis (Record no. 50741)

MARC details
000 -LEADER
fixed length control field 00619nam a2200157Ia 4500
100 ## - MAIN ENTRY--AUTHOR NAME
Personal name Thulaseedharan A
245 #0 - TITLE STATEMENT
Title Preliminary report on the incidence of tapping panel dryness in tissue culture plants of Heeva brasiliensis
260 ## - PUBLICATION, DISTRIBUTION, ETC. (IMPRINT)
Name of publisher In: Tapping Panel Dryness of Rubber Trees (Eds.James Jacob; R Krishnakumar and N.M. Mathew) Rubber Research Institute of India, Kottayam, 2006, pp.130-133.
650 ## - SUBJECT ADDED ENTRY--TOPICAL TERM
Topical Term Self rooted plants
650 ## - SUBJECT ADDED ENTRY--TOPICAL TERM
Topical Term Shoot tip culture
650 ## - SUBJECT ADDED ENTRY--TOPICAL TERM
Topical Term Stock/scion interaction
700 ## - ADDED ENTRY--PERSONAL NAME
Personal name Jayasree P K
700 ## - ADDED ENTRY--PERSONAL NAME
Personal name Kala R G
942 ## - ADDED ENTRY ELEMENTS (KOHA)
Koha item type Bibliography STAF
Holdings
Withdrawn status Lost status Damaged status Not for loan Home library Current library Shelving location Date acquired Koha item type
      Bibliography RRII Library RRII Library Plant physiology 18/06/2007 Bibliography STAF